[Event "PAR-ch"]
[Site "Asuncion"]
[Date "2013.11.20"]
[Round "3"]
[White "Cubas, Jose Fernando"]
[Black "Figari, Esteban"]
[Result "1-0"]
[WhiteElo "2486"]
[BlackElo "2037"]
[PlyCount "39"]
[EventDate "2013.11.18"]
[EventType "tourn"]
[EventRounds "11"]
[EventCountry "PAR"]
[EventCategory "1"]
[SourceTitle "CBM 157 Extra"]
[Source "ChessBase"]
[SourceDate "2013.12.19"]
[SourceVersion "1"]
[SourceVersionDate "2013.12.19"]
[SourceQuality "1"]

1. e4 c5 2. Nf3 e6 3. d4 cxd4 4. Nxd4 a6 5. Nc3 Bc5 6. Nb3 Ba7 7. Qe2 Nc6 8.
Be3 Nge7 9. O-O-O O-O 10. f4 b5 11. h4 Na5 12. h5 Nxb3+ 13. axb3 Nc6 14. e5 f5
15. g4 Qa5 16. Kb1 b4 17. Na4 Bxe3 18. Qxe3 Rb8 19. gxf5 Rxf5 20. Bd3 1-0

[Event "PAR-ch"]
[Site "Asuncion"]
[Date "2013.11.21"]
[Round "4"]
[White "Bachmann, Axel"]
[Black "Cubas, Jose Fernando"]
[Result "1-0"]
[WhiteElo "2545"]
[BlackElo "2486"]
[PlyCount "115"]
[EventDate "2013.11.18"]
[EventType "tourn"]
[EventRounds "11"]
[EventCountry "PAR"]
[EventCategory "1"]
[SourceTitle "CBM 157 Extra"]
[Source "ChessBase"]
[SourceDate "2013.12.19"]
[SourceVersion "1"]
[SourceVersionDate "2013.12.19"]
[SourceQuality "1"]

1. d4 d5 2. c4 c6 3. Nf3 Nf6 4. e3 Bg4 5. Nc3 e6 6. Qb3 Qb6 7. Nh4 Be7 8. h3
Bh5 9. g4 Bg6 10. Nxg6 hxg6 11. g5 Ne4 12. Nxe4 dxe4 13. Qc2 Qa5+ 14. Bd2 Bb4
15. Bxb4 Qxb4+ 16. Ke2 c5 17. a3 Qb6 18. dxc5 Qxc5 19. Qxe4 Nc6 20. h4 Rd8 21.
Bg2 a5 22. Rhd1 O-O 23. Kf1 Qb6 24. Qc2 Qc5 25. Kg1 Qe5 26. Qb3 Qc7 27. c5 Ne5
28. Qb6 Qxb6 29. cxb6 Nc4 30. b3 Nxb6 31. Bxb7 Rb8 32. Bf3 Rfc8 33. Rac1 Kf8
34. b4 axb4 35. axb4 Rc4 36. Rxc4 Nxc4 37. Rd4 Rxb4 38. Kg2 e5 39. Re4 f5 40.
gxf6 gxf6 41. Rg4 Kg7 42. h5 g5 43. Be2 Nxe3+ 44. fxe3 e4 45. Kf2 Kh6 46. Rg1
f5 47. Rc1 Rb6 48. Rc5 Rf6 49. Re5 f4 50. Rxe4 fxe3+ 51. Kxe3 Rb6 52. Re8 Rd6
53. Ke4 Rc6 54. Kf5 Rc5+ 55. Kg4 Rd5 56. Re6+ Kh7 57. Bf3 Ra5 58. Be4+ 1-0

[Event "PAR-ch"]
[Site "Asuncion"]
[Date "2013.11.22"]
[Round "5"]
[White "Cubas, Jose Fernando"]
[Black "Latorre Lopez Moreira, Luis Matias"]
[Result "1/2-1/2"]
[WhiteElo "2486"]
[BlackElo "2250"]
[PlyCount "41"]
[EventDate "2013.11.18"]
[EventType "tourn"]
[EventRounds "11"]
[EventCountry "PAR"]
[EventCategory "1"]
[SourceTitle "CBM 157 Extra"]
[Source "ChessBase"]
[SourceDate "2013.12.19"]
[SourceVersion "1"]
[SourceVersionDate "2013.12.19"]
[SourceQuality "1"]

1. e4 e5 2. Nf3 Nf6 3. Nxe5 d6 4. Nf3 Nxe4 5. Nc3 Nxc3 6. dxc3 Be7 7. Bf4 O-O
8. Qd2 Nd7 9. O-O-O Nc5 10. h4 Re8 11. Bc4 Be6 12. Bxe6 Nxe6 13. Be3 Qd7 14. h5
Qa4 15. Kb1 h6 16. Rh3 Bf6 17. Rg3 Kf8 18. Qd3 Nc5 19. Bxc5 dxc5 20. Qf5 b6 21.
Rh3 1/2-1/2

[Event "PAR-ch"]
[Site "Asuncion"]
[Date "2013.11.24"]
[Round "7"]
[White "Valiente, Cristobal"]
[Black "Cubas, Jose Fernando"]
[Result "1-0"]
[WhiteElo "2225"]
[BlackElo "2486"]
[PlyCount "67"]
[EventDate "2013.11.18"]
[EventType "tourn"]
[EventRounds "11"]
[EventCountry "PAR"]
[EventCategory "1"]
[SourceTitle "CBM 157 Extra"]
[Source "ChessBase"]
[SourceDate "2013.12.19"]
[SourceVersion "1"]
[SourceVersionDate "2013.12.19"]
[SourceQuality "1"]

1. e4 c5 2. Nf3 Nc6 3. Bb5 Nf6 4. e5 Ng4 5. Bxc6 dxc6 6. O-O g6 7. Re1 Bg7 8.
h3 Nh6 9. Nc3 O-O 10. d3 f6 11. Bf4 g5 12. Be3 b6 13. d4 cxd4 14. Qxd4 Qxd4 15.
Nxd4 c5 16. Nc6 Re8 17. Nd5 Kf7 18. Rad1 Be6 19. Nc7 Rec8 20. Nxe6 Kxe6 21.
exf6 Kxf6 22. Ne5 Rd8 23. Bd2 Nf5 24. Bxg5+ Kxg5 25. Nf7+ Kg6 26. Rxd8 Rxd8 27.
Nxd8 Bxb2 28. Nc6 Bf6 29. Nxa7 Nd4 30. c4 Nc2 31. Re6 Na3 32. Rxb6 Nxc4 33. Rc6
Nd6 34. Nc8 1-0

[Event "PAR-ch"]
[Site "Asuncion"]
[Date "2013.11.25"]
[Round "8"]
[White "Cubas, Jose Fernando"]
[Black "Latorre, Manuel"]
[Result "1-0"]
[WhiteElo "2486"]
[BlackElo "2308"]
[PlyCount "35"]
[EventDate "2013.11.18"]
[EventType "tourn"]
[EventRounds "11"]
[EventCountry "PAR"]
[EventCategory "1"]
[SourceTitle "CBM 157 Extra"]
[Source "ChessBase"]
[SourceDate "2013.12.19"]
[SourceVersion "1"]
[SourceVersionDate "2013.12.19"]
[SourceQuality "1"]

1. e4 e5 2. Ne2 Nf6 3. f4 Nxe4 4. d3 Nc5 5. fxe5 d5 6. d4 Ne4 7. Nbc3 Bb4 8.
Be3 O-O 9. a3 Bxc3+ 10. Nxc3 Nxc3 11. bxc3 f6 12. exf6 Qxf6 13. Bd3 Bf5 14. O-O
Qe6 15. Qf3 Re8 16. Bxf5 Qxe3+ 17. Qxe3 Rxe3 18. Bc8 1-0

[Event "PAR-ch"]
[Site "Asuncion"]
[Date "2013.11.26"]
[Round "9"]
[White "Goiriz, Yahari Damian"]
[Black "Cubas, Jose Fernando"]
[Result "0-1"]
[WhiteElo "2090"]
[BlackElo "2486"]
[PlyCount "74"]
[EventDate "2013.11.18"]
[EventType "tourn"]
[EventRounds "11"]
[EventCountry "PAR"]
[EventCategory "1"]
[SourceTitle "CBM 157 Extra"]
[Source "ChessBase"]
[SourceDate "2013.12.19"]
[SourceVersion "1"]
[SourceVersionDate "2013.12.19"]
[SourceQuality "1"]

1. e4 c5 2. Nf3 Nc6 3. d4 cxd4 4. Nxd4 e5 5. Nb5 d6 6. N1c3 a6 7. Na3 b5 8. Nd5
Nge7 9. c3 Nxd5 10. exd5 Ne7 11. Nc2 Bd7 12. f4 Ng6 13. Bd3 exf4 14. O-O Be7
15. Nd4 Bf6 16. Re1+ Kf8 17. Bxg6 hxg6 18. Bxf4 Qb6 19. Qf3 Kg8 20. Be3 Qc7 21.
Nc6 Rh5 22. g4 Rh4 23. h3 Rc8 24. Bf2 Bxc6 25. dxc6 Rh8 26. Re4 Qxc6 27. Rae1
Be5 28. Bd4 f6 29. Bxe5 dxe5 30. Qd3 Qb6+ 31. Kf1 Rd8 32. Qf3 Kh7 33. h4 Rhf8
34. h5 f5 35. hxg6+ Qxg6 36. Qh1+ Kg8 37. Rxe5 fxg4+ 0-1

[Event "PAR-ch"]
[Site "Asuncion"]
[Date "2013.11.27"]
[Round "10"]
[White "Cubas, Jose Fernando"]
[Black "Bergonzi, Osvaldo"]
[Result "1-0"]
[WhiteElo "2486"]
[BlackElo "2064"]
[PlyCount "67"]
[EventDate "2013.11.18"]
[EventType "tourn"]
[EventRounds "11"]
[EventCountry "PAR"]
[EventCategory "1"]
[SourceTitle "CBM 157 Extra"]
[Source "ChessBase"]
[SourceDate "2013.12.19"]
[SourceVersion "1"]
[SourceVersionDate "2013.12.19"]
[SourceQuality "1"]

1. e4 d6 2. d4 Nf6 3. Nc3 g6 4. Be3 c6 5. h3 Nbd7 6. g4 b5 7. Bg2 e5 8. a3 Bb7
9. Nge2 Bg7 10. O-O Qc7 11. f4 O-O 12. dxe5 dxe5 13. f5 Rfd8 14. Qe1 h6 15.
fxg6 fxg6 16. Qg3 Rf8 17. Rad1 Nb6 18. Bc5 Rfd8 19. Nd4 Re8 20. Nf3 Nbd7 21.
Be3 Nf8 22. g5 Nh5 23. Qh4 Ne6 24. gxh6 Bf6 25. Qg4 Qh7 26. Ng5 Nxg5 27. Bxg5
Bc8 28. Qh4 Bxg5 29. Qxg5 Nf4 30. Rxf4 exf4 31. Rd6 Be6 32. e5 Qe7 33. Qxg6+
Kh8 34. Rxe6 1-0

[Event "PAR-ch"]
[Site "Asuncion"]
[Date "2013.11.28"]
[Round "11"]
[White "Kropff, Ricardo"]
[Black "Cubas, Jose Fernando"]
[Result "1/2-1/2"]
[WhiteElo "2215"]
[BlackElo "2486"]
[PlyCount "64"]
[EventDate "2013.11.18"]
[EventType "tourn"]
[EventRounds "11"]
[EventCountry "PAR"]
[EventCategory "1"]
[SourceTitle "CBM 157 Extra"]
[Source "ChessBase"]
[SourceDate "2013.12.19"]
[SourceVersion "1"]
[SourceVersionDate "2013.12.19"]
[SourceQuality "1"]

1. d4 Nf6 2. Nf3 e6 3. c4 c5 4. g3 cxd4 5. Nxd4 Bb4+ 6. Nc3 Ne4 7. Qd3 Bxc3+ 8.
bxc3 Nc5 9. Qc2 d6 10. Bg2 O-O 11. O-O Nbd7 12. Nb5 Ne5 13. Rd1 Bd7 14. a4 Nxc4
15. Nxd6 Nxd6 16. Rxd6 Qe7 17. Rd4 Rac8 18. Ba3 Bc6 19. Bxc6 Rxc6 20. Rad1 Rfc8
21. Bxc5 Rxc5 22. Rd7 Qf6 23. Rxb7 Rf5 24. f3 h5 25. Rxa7 h4 26. Qe4 Qxc3 27.
Ra8 Rxa8 28. Qxa8+ Kh7 29. Qe4 hxg3 30. hxg3 g6 31. Qd4 Qc2 32. Re1 Rd5 1/2-1/2

[Event "Foz do Iguacu op 1st"]
[Site "Foz do Iguacu"]
[Date "2013.12.12"]
[Round "1"]
[White "Caceres, Elton Carlos"]
[Black "Cubas, Jose Fernando"]
[Result "0-1"]
[WhiteElo "1877"]
[BlackElo "2486"]
[PlyCount "50"]
[EventDate "2013.12.12"]
[EventType "swiss"]
[EventRounds "7"]
[EventCountry "BRA"]
[SourceTitle "CBM 158 Extra"]
[Source "ChessBase"]
[SourceDate "2014.02.28"]
[SourceVersion "1"]
[SourceVersionDate "2014.02.28"]
[SourceQuality "1"]

1. e4 c5 2. g3 Nc6 3. Bg2 g6 4. Ne2 Bg7 5. c3 e5 6. O-O Nge7 7. Na3 O-O 8. Nc2
d6 9. d4 cxd4 10. cxd4 Bg4 11. f3 Bd7 12. d5 Nb4 13. Be3 Nxc2 14. Qxc2 f5 15.
Qb3 b5 16. Rac1 Qb8 17. Rc2 Nc8 18. Rfc1 Nb6 19. Qd3 Nc4 20. Bf2 fxe4 21. fxe4
Rxf2 22. Kxf2 Qb6+ 23. Ke1 Rf8 24. b3 Qf2+ 25. Kd1 Qf1+ 0-1

[Event "Foz do Iguacu op 1st"]
[Site "Foz do Iguacu"]
[Date "2013.12.13"]
[Round "2"]
[White "Cubas, Jose Fernando"]
[Black "Noseda, Francesco"]
[Result "1-0"]
[WhiteElo "2486"]
[BlackElo "1976"]
[PlyCount "73"]
[EventDate "2013.12.12"]
[EventType "swiss"]
[EventRounds "7"]
[EventCountry "BRA"]
[SourceTitle "CBM 158 Extra"]
[Source "ChessBase"]
[SourceDate "2014.02.28"]
[SourceVersion "1"]
[SourceVersionDate "2014.02.28"]
[SourceQuality "1"]

1. e4 c5 2. Nf3 d6 3. d4 cxd4 4. Nxd4 Nf6 5. Nc3 Nc6 6. Bg5 e6 7. Qd2 Be7 8.
O-O-O O-O 9. f3 a6 10. g4 Ne5 11. Kb1 Qc7 12. f4 Nc4 13. Bxc4 Qxc4 14. e5 dxe5
15. fxe5 Nd5 16. Nxd5 Bxg5 17. Qxg5 exd5 18. Rhf1 Qc7 19. Rf3 Be6 20. Qf4 Rae8
21. g5 Bc8 22. Re3 Re7 23. h4 Rfe8 24. Rde1 Qd7 25. c3 Qg4 26. Qf2 Qd7 27. a3
Qc7 28. Qf4 Qd7 29. Qh2 Qc7 30. h5 Qb6 31. Rg1 Qc7 32. h6 g6 33. Qf4 Qb6 34.
Rf1 Rc7 35. Ref3 Rf8 36. e6 Bxe6 37. Nxe6 1-0

[Event "Foz do Iguacu op 1st"]
[Site "Foz do Iguacu"]
[Date "2013.12.13"]
[Round "3"]
[White "Garkauskas, Otto Dmitry"]
[Black "Cubas, Jose Fernando"]
[Result "0-1"]
[WhiteElo "2122"]
[BlackElo "2486"]
[PlyCount "76"]
[EventDate "2013.12.12"]
[EventType "swiss"]
[EventRounds "7"]
[EventCountry "BRA"]
[SourceTitle "CBM 158 Extra"]
[Source "ChessBase"]
[SourceDate "2014.02.28"]
[SourceVersion "1"]
[SourceVersionDate "2014.02.28"]
[SourceQuality "1"]

1. d4 Nf6 2. c4 e6 3. Nc3 Bb4 4. e3 b6 5. Nge2 Ne4 6. Bd2 Nxd2 7. Qxd2 Bb7 8.
a3 Be7 9. d5 e5 10. g3 d6 11. Bg2 Nd7 12. b4 h5 13. O-O h4 14. f4 hxg3 15. hxg3
Nf6 16. fxe5 dxe5 17. Qc2 Qd7 18. Qf5 Qxf5 19. Rxf5 Ng4 20. Nb5 Bd8 21. Bf3 g6
22. Rxf7 Kxf7 23. Bxg4 a6 24. Nbc3 Bg5 25. e4 Kg7 26. Kg2 Raf8 27. Ng1 c6 28.
Nf3 Bf6 29. Rc1 cxd5 30. exd5 b5 31. Ne4 bxc4 32. Be6 Bc8 33. Bxc8 Rxc8 34.
Nfd2 Rhd8 35. d6 c3 36. Nb3 Rc4 37. Nbc5 c2 38. Nxf6 Kf7 0-1

[Event "Foz do Iguacu op 1st"]
[Site "Foz do Iguacu"]
[Date "2013.12.14"]
[Round "4"]
[White "Cubas, Jose Fernando"]
[Black "Cruz, William Ferreira Da"]
[Result "1-0"]
[WhiteElo "2486"]
[BlackElo "2200"]
[PlyCount "83"]
[EventDate "2013.12.12"]
[EventType "swiss"]
[EventRounds "7"]
[EventCountry "BRA"]
[SourceTitle "CBM 158 Extra"]
[Source "ChessBase"]
[SourceDate "2014.02.28"]
[SourceVersion "1"]
[SourceVersionDate "2014.02.28"]
[SourceQuality "1"]

1. e4 e6 2. d4 d5 3. e5 c5 4. c3 Nc6 5. Nf3 Bd7 6. a3 Nge7 7. b4 cxd4 8. cxd4
Nf5 9. Bb2 Be7 10. Bd3 O-O 11. Bxf5 exf5 12. Nc3 Be6 13. O-O a5 14. b5 Na7 15.
Qd3 Nc8 16. Na4 Nb6 17. Nxb6 Qxb6 18. a4 Rfc8 19. Rfc1 Qd8 20. g3 Bb4 21. Nd2
Bxd2 22. Qxd2 Rc4 23. Ba3 Rac8 24. Bc5 f4 25. gxf4 Qh4 26. f3 Qh3 27. Rxc4 dxc4
28. d5 c3 29. Qd4 Bf5 30. Rf1 c2 31. Ba3 c1=Q 32. Bxc1 Rc2 33. Bd2 Qh5 34. e6
fxe6 35. d6 e5 36. fxe5 Qh3 37. Qd5+ Kh8 38. Rc1 Rxc1+ 39. Bxc1 Qh4 40. Bd2 Qd8
41. e6 Bh3 42. d7 1-0

[Event "Foz do Iguacu op 1st"]
[Site "Foz do Iguacu"]
[Date "2013.12.14"]
[Round "5"]
[White "Caetano, Hugo Zanotti Mendon"]
[Black "Cubas, Jose Fernando"]
[Result "0-1"]
[WhiteElo "2137"]
[BlackElo "2486"]
[PlyCount "92"]
[EventDate "2013.12.12"]
[EventType "swiss"]
[EventRounds "7"]
[EventCountry "BRA"]
[SourceTitle "CBM 158 Extra"]
[Source "ChessBase"]
[SourceDate "2014.02.28"]
[SourceVersion "1"]
[SourceVersionDate "2014.02.28"]
[SourceQuality "1"]

1. d4 Nf6 2. c4 e6 3. Nf3 c5 4. e3 a6 5. Nc3 d5 6. cxd5 exd5 7. dxc5 Bxc5 8.
Be2 O-O 9. O-O Nc6 10. a3 Be6 11. b4 Ba7 12. Bb2 Qe7 13. b5 axb5 14. Nxb5 Bc5
15. a4 Ne4 16. Nfd4 Rfd8 17. Bd3 Ne5 18. Nxe6 Nxd3 19. Qxd3 fxe6 20. f3 Nd6 21.
Nxd6 Rxd6 22. Rfc1 Rda6 23. Bd4 b6 24. Qb5 Ra5 25. Qb3 Bxd4 26. exd4 b5 27. Rc5
Rxa4 28. Rd1 Rxd4 29. Rxb5 Qa7 30. Kf1 Rxd1+ 31. Qxd1 Qe3 32. Rb3 Qe5 33. Kg1
h5 34. h3 Ra2 35. Qf1 h4 36. Qd1 Qg3 37. Qf1 Rc2 38. Re3 d4 39. Rd3 Qf4 40. Qe1
Rc1 41. Rd1 Qe3+ 42. Kf1 Qxe1+ 43. Rxe1 Rxe1+ 44. Kxe1 Kf7 45. Ke2 Kf6 46. Kd3
Kf5 0-1

[Event "Foz do Iguacu op 1st"]
[Site "Foz do Iguacu"]
[Date "2013.12.15"]
[Round "6"]
[White "Cubas, Jose Fernando"]
[Black "Quintiliano Pinto, Renato Rodrigues"]
[Result "1-0"]
[WhiteElo "2486"]
[BlackElo "2340"]
[PlyCount "73"]
[EventDate "2013.12.12"]
[EventType "swiss"]
[EventRounds "7"]
[EventCountry "BRA"]
[SourceTitle "CBM 158 Extra"]
[Source "ChessBase"]
[SourceDate "2014.02.28"]
[SourceVersion "1"]
[SourceVersionDate "2014.02.28"]
[SourceQuality "1"]

1. e4 c5 2. Nf3 d6 3. d4 cxd4 4. Nxd4 Nf6 5. Nc3 a6 6. Be2 e5 7. Nb3 Be7 8. O-O
O-O 9. Kh1 Nc6 10. f4 b5 11. Bf3 Bb7 12. a4 b4 13. Nd5 exf4 14. Bxf4 Ne5 15.
Nd4 Nxd5 16. exd5 Bg5 17. Nc6 Bxc6 18. Bxe5 Bb7 19. Bd4 a5 20. c4 bxc3 21. bxc3
Bf6 22. Rb1 Ba6 23. Rf2 Bxd4 24. Qxd4 Rc8 25. Rfb2 Re8 26. h3 Rc4 27. Qb6 Bc8
28. Qxd8 Rxd8 29. Rb8 Rxc3 30. R1b5 Kf8 31. Rxa5 Ke7 32. Raa8 g6 33. Be2 Rc5
34. Ba6 Kd7 35. Ra7+ Ke8 36. Bb5+ Kf8 37. Bc6 1-0

[Event "Foz do Iguacu op 1st"]
[Site "Foz do Iguacu"]
[Date "2013.12.15"]
[Round "7"]
[White "Egoroff, Jomar"]
[Black "Cubas, Jose Fernando"]
[Result "1/2-1/2"]
[WhiteElo "2313"]
[BlackElo "2486"]
[PlyCount "28"]
[EventDate "2013.12.12"]
[EventType "swiss"]
[EventRounds "7"]
[EventCountry "BRA"]
[SourceTitle "CBM 158 Extra"]
[Source "ChessBase"]
[SourceDate "2014.02.28"]
[SourceVersion "1"]
[SourceVersionDate "2014.02.28"]
[SourceQuality "1"]

1. e4 c5 2. Nf3 Nc6 3. d4 cxd4 4. Nxd4 e5 5. Nb5 d6 6. N1c3 a6 7. Na3 b5 8. Nd5
Nge7 9. c4 Nxd5 10. cxd5 Nd4 11. Be3 Be7 12. Bd3 O-O 13. O-O Bf6 14. Nc2 Nxc2
1/2-1/2

[Event "Prague op-A 13th"]
[Site "Prague"]
[Date "2014.01.10"]
[Round "1"]
[White "Jorgensen, Lars"]
[Black "Cubas Pons, Juan Miguel"]
[Result "1-0"]
[WhiteElo "1925"]
[BlackElo "2274"]
[PlyCount "56"]
[EventDate "2014.01.10"]
[EventType "swiss"]
[EventRounds "9"]
[EventCountry "CZE"]
[SourceTitle "CBM 158 Extra"]
[Source "ChessBase"]
[SourceDate "2014.02.28"]
[SourceVersion "1"]
[SourceVersionDate "2014.02.28"]
[SourceQuality "1"]

1. d4 e6 2. c4 f5 3. Nf3 Nf6 4. Nc3 Bb4 5. Bd2 b6 6. e3 Bb7 7. Bd3 O-O 8. Qc2
Bxc3 9. Bxc3 Ne4 10. O-O-O d6 11. Rhg1 Nd7 12. Kb1 Qe7 13. Ka1 Nxc3 14. Qxc3 e5
15. dxe5 dxe5 16. Bc2 Rad8 17. a3 c5 18. Ba4 e4 19. Ng5 Qxg5 20. Rxd7 Rxd7 21.
Bxd7 Rd8 22. Qe5 Rf8 23. Qc7 Ba8 24. Be6+ Kh8 25. Rd1 Qf6 26. Rd6 h6 27. Qxa7
Qe5 28. Qe7 Rb8 1-0

[Event "Prague op-B 13th"]
[Site "Prague"]
[Date "2014.??.??"]
[Round "1"]
[White "Cubas Pons, Juan Miguel"]
[Black "Konvalinka, Vladislav"]
[Result "1-0"]
[WhiteElo "2200"]
[BlackElo "1612"]
[PlyCount "53"]
[EventDate "2014.01.10"]
[EventType "swiss"]
[EventRounds "9"]
[EventCountry "CZE"]
[SourceTitle "CBM 158 Extra"]
[Source "ChessBase"]
[SourceDate "2014.02.28"]
[SourceVersion "1"]
[SourceVersionDate "2014.02.28"]
[SourceQuality "1"]

1. Nf3 d5 2. g3 c5 3. Bg2 Nc6 4. d4 e6 5. O-O Nf6 6. b3 Be7 7. Bb2 O-O 8. e3 b6
9. c4 Bb7 10. cxd5 exd5 11. Nc3 Rc8 12. a3 Na5 13. Ne5 c4 14. bxc4 Nxc4 15.
Nxc4 Rxc4 16. Qb3 Qc7 17. Rfc1 Rc8 18. Bf1 Ba6 19. Bxc4 Bxc4 20. Qc2 Qd7 21. f3
Qe6 22. Re1 Qc6 23. e4 Nd7 24. Rad1 Bd6 25. e5 Be7 26. f4 Bb5 27. Qg2 1-0

[Event "Prague op-B 13th"]
[Site "Prague"]
[Date "2014.??.??"]
[Round "2"]
[White "Chernyshova, Natalia"]
[Black "Cubas Pons, Juan Miguel"]
[Result "0-1"]
[WhiteElo "1766"]
[BlackElo "2200"]
[PlyCount "86"]
[EventDate "2014.01.10"]
[EventType "swiss"]
[EventRounds "9"]
[EventCountry "CZE"]
[SourceTitle "CBM 158 Extra"]
[Source "ChessBase"]
[SourceDate "2014.02.28"]
[SourceVersion "1"]
[SourceVersionDate "2014.02.28"]
[SourceQuality "1"]

1. d4 d5 2. c4 e6 3. Nc3 a6 4. c5 b6 5. cxb6 cxb6 6. Nf3 Nc6 7. Bf4 Nf6 8. e3
Bd6 9. Ne5 Bxe5 10. Bxe5 Nxe5 11. dxe5 Nd7 12. Qg4 O-O 13. f4 Qe7 14. Bd3 f6
15. Qh5 g6 16. exf6 Qxf6 17. Qf3 Bb7 18. O-O Nc5 19. Qe2 d4 20. Nd1 e5 21. fxe5
Qxe5 22. Bc4+ Kg7 23. exd4 Rxf1+ 24. Qxf1 Qxd4+ 25. Kh1 Rf8 26. Qe2 Qe4 27.
Qxe4 Nxe4 28. h4 Rf4 29. Ne3 Rxh4+ 30. Kg1 Ng3 31. Rd1 Rh1+ 32. Kf2 Rxd1 33.
Nxd1 Ne4+ 34. Kg1 Kf6 35. Ne3 Ke5 36. Bg8 Nf6 37. Bf7 Kd4 38. Kf2 Kd3 39. g4
Ne4+ 40. Kf3 Ng5+ 41. Kf4 Nxf7 42. g5 Nxg5 43. Kxg5 Kxe3 0-1

[Event "Prague op-B 13th"]
[Site "Prague"]
[Date "2014.??.??"]
[Round "3"]
[White "Cubas Pons, Juan Miguel"]
[Black "Jacobsen, Fredrik Beer"]
[Result "1-0"]
[WhiteElo "2200"]
[BlackElo "1849"]
[PlyCount "43"]
[EventDate "2014.01.10"]
[EventType "swiss"]
[EventRounds "9"]
[EventCountry "CZE"]
[SourceTitle "CBM 158 Extra"]
[Source "ChessBase"]
[SourceDate "2014.02.28"]
[SourceVersion "1"]
[SourceVersionDate "2014.02.28"]
[SourceQuality "1"]

1. Nf3 d5 2. g3 Nf6 3. Bg2 e6 4. O-O c5 5. d4 Nc6 6. b3 cxd4 7. Nxd4 Be7 8. Bb2
O-O 9. c4 Bd7 10. cxd5 Nxd5 11. e4 Ndb4 12. Na3 a6 13. Nc4 b5 14. Ne3 Nxd4 15.
Qxd4 e5 16. Qd2 f6 17. a3 Nc6 18. Qd5+ Rf7 19. Rfd1 Bf8 20. Rac1 Qb6 21. Nf5
Rd8 22. Rxc6 1-0

[Event "Prague op-B 13th"]
[Site "Prague"]
[Date "2014.??.??"]
[Round "4"]
[White "Matsenko, Sergei"]
[Black "Cubas Pons, Juan Miguel"]
[Result "0-1"]
[WhiteElo "1956"]
[BlackElo "2200"]
[PlyCount "80"]
[EventDate "2014.01.10"]
[EventType "swiss"]
[EventRounds "9"]
[EventCountry "CZE"]
[SourceTitle "CBM 158 Extra"]
[Source "ChessBase"]
[SourceDate "2014.02.28"]
[SourceVersion "1"]
[SourceVersionDate "2014.02.28"]
[SourceQuality "1"]

1. d4 d5 2. c4 e6 3. Nc3 a6 4. cxd5 exd5 5. Nf3 Be7 6. Bf4 Nf6 7. e3 O-O 8. h3
c5 9. Be2 Nc6 10. O-O Be6 11. Rc1 c4 12. Ne5 Rc8 13. Nxc6 Rxc6 14. Bg5 b5 15.
a3 Ne4 16. Bxe7 Nxc3 17. Bxd8 Nxd1 18. Rfxd1 Rxd8 19. Bg4 a5 20. Bxe6 fxe6 21.
Kf1 Ra8 22. Ke2 b4 23. axb4 axb4 24. Ra1 Rca6 25. Rxa6 Rxa6 26. Rb1 Ra2 27. Kd1
Kf7 28. Kc2 Kf6 29. Re1 e5 30. dxe5+ Kxe5 31. Rd1 c3 32. Rb1 d4 33. exd4+ Kxd4
34. Kb3 Rxb2+ 35. Rxb2 cxb2 36. Kxb2 Kd3 37. Kb3 Ke2 38. f4 Kf2 39. g4 Kg3 40.
f5 h6 0-1

[Event "Prague op-B 13th"]
[Site "Prague"]
[Date "2014.??.??"]
[Round "5"]
[White "Cubas Pons, Juan Miguel"]
[Black "Haznedaroglu, Kivanc"]
[Result "1/2-1/2"]
[WhiteElo "2200"]
[BlackElo "2249"]
[PlyCount "20"]
[EventDate "2014.01.10"]
[EventType "swiss"]
[EventRounds "9"]
[EventCountry "CZE"]
[SourceTitle "CBM 158 Extra"]
[Source "ChessBase"]
[SourceDate "2014.02.28"]
[SourceVersion "1"]
[SourceVersionDate "2014.02.28"]
[SourceQuality "1"]

1. Nf3 d5 2. g3 Nf6 3. Bg2 c6 4. O-O Bf5 5. d4 e6 6. b3 Nbd7 7. Bb2 Be7 8. c4
Ne4 9. Nc3 O-O 10. Nxe4 Bxe4 1/2-1/2

[Event "Prague op-B 13th"]
[Site "Prague"]
[Date "2014.??.??"]
[Round "6"]
[White "Petras, Milan"]
[Black "Cubas Pons, Juan Miguel"]
[Result "1/2-1/2"]
[WhiteElo "1996"]
[BlackElo "2200"]
[PlyCount "48"]
[EventDate "2014.01.10"]
[EventType "swiss"]
[EventRounds "9"]
[EventCountry "CZE"]
[SourceTitle "CBM 158 Extra"]
[Source "ChessBase"]
[SourceDate "2014.02.28"]
[SourceVersion "1"]
[SourceVersionDate "2014.02.28"]
[SourceQuality "1"]

1. e4 d6 2. d4 Nf6 3. Nc3 e5 4. dxe5 dxe5 5. Qxd8+ Kxd8 6. Bc4 Be6 7. Bxe6 fxe6
8. Nge2 Bc5 9. f3 a6 10. b3 Nc6 11. Na4 Ba7 12. c3 b5 13. Nb2 Ke7 14. Bd2 h6
15. h4 Rhd8 16. O-O-O Bb6 17. Kc2 Na5 18. Nd3 Nd7 19. f4 exf4 20. Bxf4 Nc6 21.
Rdf1 Rf8 22. Bc1 Rf6 23. Rf4 Rxf4 24. Nexf4 a5 1/2-1/2

[Event "Prague op-B 13th"]
[Site "Prague"]
[Date "2014.??.??"]
[Round "7"]
[White "Cubas Pons, Juan Miguel"]
[Black "Nanni, Sergio"]
[Result "1-0"]
[WhiteElo "2200"]
[BlackElo "1642"]
[PlyCount "55"]
[EventDate "2014.01.10"]
[EventType "swiss"]
[EventRounds "9"]
[EventCountry "CZE"]
[SourceTitle "CBM 158 Extra"]
[Source "ChessBase"]
[SourceDate "2014.02.28"]
[SourceVersion "1"]
[SourceVersionDate "2014.02.28"]
[SourceQuality "1"]

1. Nf3 g6 2. c4 Bg7 3. d4 c5 4. e4 cxd4 5. Nxd4 Nc6 6. Be3 d6 7. Nc3 Nf6 8. Be2
Ne5 9. f3 O-O 10. Qd2 Be6 11. b3 Rc8 12. O-O a6 13. Rac1 Nc6 14. Rfd1 Ne8 15.
Kh1 Bd7 16. Bf1 e5 17. Nxc6 Bxc6 18. Nd5 Bxd5 19. Qxd5 Rc6 20. c5 Nf6 21. Qd2
Re8 22. cxd6 Rxc1 23. Qxc1 Bf8 24. Qc7 Qxc7 25. dxc7 Rc8 26. Bb6 Ne8 27. Rd8
Nd6 28. Bc5 1-0

[Event "Prague op-B 13th"]
[Site "Prague"]
[Date "2014.??.??"]
[Round "9"]
[White "Sindler, Michal"]
[Black "Cubas Pons, Juan Miguel"]
[Result "1/2-1/2"]
[WhiteElo "1816"]
[BlackElo "2200"]
[PlyCount "27"]
[EventDate "2014.01.10"]
[EventType "swiss"]
[EventRounds "9"]
[EventCountry "CZE"]
[SourceTitle "CBM 158 Extra"]
[Source "ChessBase"]
[SourceDate "2014.02.28"]
[SourceVersion "1"]
[SourceVersionDate "2014.02.28"]
[SourceQuality "1"]

1. e4 d6 2. d4 Nf6 3. Nc3 e5 4. f4 exd4 5. Qxd4 Be7 6. Nf3 O-O 7. Bd3 Nbd7 8.
Qf2 Nc5 9. O-O Nxd3 10. cxd3 Ng4 11. Qg3 f5 12. Bd2 c6 13. Rae1 Kh8 14. Kh1
1/2-1/2